The Contamination of food / (Record no. 114309)

MARC details
000 -LEADER
fixed length control field 00928aam a2200253 a 4500
008 - FIXED-LENGTH DATA ELEMENTS--GENERAL INFORMATION
fixed length control field
049 ## - LOCAL HOLDINGS (OCLC)
Holding library MAIN
090 ## - LOCALLY ASSIGNED LC-TYPE CALL NUMBER (OCLC); LOCAL CALL NUMBER (RLIN)
Classification number (OCLC) (R) ; Classification number, CALL (RLIN) (NR) TX531
Local cutter number (OCLC) ; Book number/undivided call number, CALL (RLIN) CON
003 - CONTROL NUMBER IDENTIFIER
control field
005 - DATE AND TIME OF LATEST TRANSACTION
control field 20230120203937.0
040 ## - CATALOGING SOURCE
Transcribing agency NUST
245 04 - TITLE STATEMENT
Title The Contamination of food /
Statement of responsibility, etc. editor, Hazel Clarke.
260 ## - PUBLICATION, DISTRIBUTION, ETC.
Place of publication, distribution, etc. Nairobi :
Name of publisher, distributor, etc. United Nations Environment Programme,
Date of publication, distribution, etc. 1992
300 ## - PHYSICAL DESCRIPTION
Extent 36 p. :
Other physical details ill. (some col.), col. map ;
Dimensions 26 cm.
440 #0 - SERIES STATEMENT/ADDED ENTRY--TITLE
Title (UNEP/GEMS environment library no. 5).
500 ## - GENERAL NOTE
General note "Text based on the UNEP/FAO/WHO publication 'Assessment of chemical contaminants in food'"--T.p. verso.
504 ## - BIBLIOGRAPHY, ETC. NOTE
Bibliography, etc. note Includes bibliographical references (p. 36)
650 #0 - SUBJECT ADDED ENTRY--TOPICAL TERM
Topical term or geographic name entry element Food contamination.
700 1# - ADDED ENTRY--PERSONAL NAME
Personal name Clarke, Hazel.(edt.)
710 2# - ADDED ENTRY--CORPORATE NAME
Corporate name or jurisdiction name as entry element United Nations Environment Programme.
730 0# - ADDED ENTRY--UNIFORM TITLE
Uniform title Assessment of chemical contaminants in food.
907 ## - LOCAL DATA ELEMENT G, LDG (RLIN)
a .b10224142
b 16-02-12
c 17-01-07
942 ## - ADDED ENTRY ELEMENTS (KOHA)
Koha item type Ordinary Loan Books
Call number prefix TX531
Call number suffix CON
Holdings
Date last seen Total Checkouts Full call number Barcode Cost, replacement price Price effective from Koha item type Lost status Source of classification or shelving scheme Damaged status Not for loan Collection Withdrawn status Home library Current library Shelving location Date acquired Cost, normal purchase price
01/20/2023   TX531 CON 92003022923 80.00 01/20/2023 BOOKS   LCC     NFIC   MEDICAL MEDICAL GEN 01/20/2023 80.00